The Pretty Reckless Charting Songs (Billboard Hot Rock) - Statistics

General Stats
  • This quiz has been taken 8 times
    5 since last reset
  • The average score is 3 of 7
Answer Stats
Album Weeks On Peak Artist(s) Song % Correct
Death by Rock and Roll 9 Weeks #19 The Pretty Reckless Death by Rock and Roll
100%
Going to Hell 26 Weeks #17 The Pretty Reckless Heaven Knows
100%
Death by Rock and Roll 2 Weeks #46 The Pretty Reckless ft. Tom Morello And So It Went
67%
Going to Hell 8 Weeks #36 The Pretty Reckless Follow Me Down
33%
Who You Selling For 18 Weeks #27 The Pretty Reckless Take Me Down
33%
Going to Hell 2 Weeks #44 The Pretty Reckless Messed Up World
0%
Non-Album Single 4 Weeks #11 The Pretty Reckless Where Are You Christmas?
0%
No matching quizzes found
Score Distribution
Percent of People with Each Score
Percentile by Number Answered
Your Score History
You have not taken this quiz since the last reset